<?xml version="1.0" encoding="UTF-8"?>
<record
    xmlns:xsi="http://www.w3.org/2001/XMLSchema-instance"
    xsi:schemaLocation="http://www.loc.gov/MARC21/slim http://www.loc.gov/standards/marcxml/schema/MARC21slim.xsd"
    xmlns="http://www.loc.gov/MARC21/slim">

  <leader>02575cam a22003375a 4500</leader>
  <controlfield tag="001">015794237</controlfield>
  <controlfield tag="003">Uk</controlfield>
  <controlfield tag="005">20160731142212.0</controlfield>
  <controlfield tag="008">110418s2010    enk    fr     001 0 eng|d</controlfield>
  <datafield tag="015" ind1=" " ind2=" ">
    <subfield code="a">GBB149124</subfield>
    <subfield code="2">bnb</subfield>
  </datafield>
  <datafield tag="016" ind1="7" ind2=" ">
    <subfield code="a">015794237</subfield>
    <subfield code="2">Uk</subfield>
  </datafield>
  <datafield tag="020" ind1=" " ind2=" ">
    <subfield code="a">0199589658</subfield>
  </datafield>
  <datafield tag="020" ind1=" " ind2=" ">
    <subfield code="a">9780199589654</subfield>
  </datafield>
  <datafield tag="040" ind1=" " ind2=" ">
    <subfield code="a">StDuBDS</subfield>
    <subfield code="b">eng</subfield>
    <subfield code="c">StDuBDS</subfield>
    <subfield code="d">EG-ScBUE </subfield>
  </datafield>
  <datafield tag="082" ind1="0" ind2="4">
    <subfield code="2">22</subfield>
    <subfield code="a">346.42066</subfield>
    <subfield code="b">SLO</subfield>
  </datafield>
  <datafield tag="100" ind1="1" ind2=" ">
    <subfield code="a">Slorach, J. Scott&#x200F; </subfield>
    <subfield code="9">40559</subfield>
  </datafield>
  <datafield tag="245" ind1="1" ind2="0">
    <subfield code="a">Business law 2011-2012 /</subfield>
    <subfield code="c">J. Scott Slorach, Jason G. Ellis.</subfield>
  </datafield>
  <datafield tag="250" ind1=" " ind2=" ">
    <subfield code="a">18th ed.</subfield>
  </datafield>
  <datafield tag="260" ind1=" " ind2=" ">
    <subfield code="a">Oxford :</subfield>
    <subfield code="b">Oxford University Press,</subfield>
    <subfield code="c">2010.</subfield>
  </datafield>
  <datafield tag="300" ind1=" " ind2=" ">
    <subfield code="a">xxxi, 415 p.  ;</subfield>
    <subfield code="c">30 cm.</subfield>
  </datafield>
  <datafield tag="490" ind1="0" ind2=" ">
    <subfield code="a">Legal practice course guides</subfield>
  </datafield>
  <datafield tag="500" ind1=" " ind2=" ">
    <subfield code="a">Index : p. 399-415.</subfield>
  </datafield>
  <datafield tag="505" ind1=" " ind2=" ">
    <subfield code="a">1: PARTNERSHIPS -- Characteristics of partnerships -- Partnership management and finance -- Liability of partners to outsiders -- Partnership disputes -- Termination of and retirement from a partnership -- The partnership agreement -- 2: COMPANIES -- Limited companies -- Formation of a limited company -- Directors and Secretary -- Shareholders -- Company finance -- Disposal of shares -- Company meetings and resolutions -- The articles of a private company -- Disclosure obligations of companies and company accounts -- Public companies -- 3: TAXATION -- Income tax: sole traders and partnerships-- Capital gains tax and inheritance tax on business assets -- The corporation tax system -- Taxation of directors' fees and employees' salaries -- Taxation of distributions and debenture interest -- Capital allowances -- Tax consequences of leaving and joining a partnership -- Value Added tax -- 4: INSOLVENCY -- Bankruptcy -- Company insolvency proceedings --Liabilities arising from insolvency -- ADDITIONAL TOPICS -- A debenture document -- Shareholders' agreements --  Sale of a business to a company -- Limited liability partnerships -- Choice of business medium -- Competition law in the EU and the UK --  The right of establishment, the right to provide services, and the free movement of goods -- Business contracts - agency or distributorship agreements</subfield>
  </datafield>
  <datafield tag="520" ind1=" " ind2=" ">
    <subfield code="a">Business Law' contains detailed coverage of partnerships, company law, taxation, EU law, and insolvency, making the book ideally suited to the Legal Practice Course. Statutory references encourage students to refer to primary sources</subfield>
  </datafield>
  <datafield tag="650" ind1=" " ind2="7">
    <subfield code="a">Commercial law</subfield>
    <subfield code="z">England.</subfield>
    <subfield code="2">BUEsh</subfield>
    <subfield code="9">40561</subfield>
  </datafield>
  <datafield tag="650" ind1=" " ind2="7">
    <subfield code="a">Commercial law</subfield>
    <subfield code="z">Wales</subfield>
    <subfield code="2">BUEsh</subfield>
    <subfield code="9">40562</subfield>
  </datafield>
  <datafield tag="651" ind1=" " ind2=" ">
    <subfield code="2">BUEsh</subfield>
  </datafield>
  <datafield tag="653" ind1=" " ind2=" ">
    <subfield code="b">LLAAWW</subfield>
    <subfield code="c">July2016</subfield>
  </datafield>
  <datafield tag="700" ind1="1" ind2=" ">
    <subfield code="a">Ellis, Jason G.&#x200F; </subfield>
    <subfield code="9">40560</subfield>
  </datafield>
  <datafield tag="942" ind1=" " ind2=" ">
    <subfield code="2">ddc</subfield>
    <subfield code="e">22</subfield>
    <subfield code="k">346.42066 SLO</subfield>
  </datafield>
  <datafield tag="999" ind1=" " ind2=" ">
    <subfield code="c">22082</subfield>
    <subfield code="d">22054</subfield>
  </datafield>
  <datafield tag="952" ind1=" " ind2=" ">
    <subfield code="0">0</subfield>
    <subfield code="1">0</subfield>
    <subfield code="2">ddc</subfield>
    <subfield code="4">0</subfield>
    <subfield code="7">0</subfield>
    <subfield code="8">Baccah</subfield>
    <subfield code="a">MAIN</subfield>
    <subfield code="b">MAIN</subfield>
    <subfield code="c">1ST</subfield>
    <subfield code="d">2016-07-31</subfield>
    <subfield code="e">Purchase</subfield>
    <subfield code="g">380.00</subfield>
    <subfield code="h">26080</subfield>
    <subfield code="l">5</subfield>
    <subfield code="m">1</subfield>
    <subfield code="o">346.42066 SLO</subfield>
    <subfield code="p">000033059</subfield>
    <subfield code="q">2026-02-21</subfield>
    <subfield code="r">2026-01-22 00:00:00</subfield>
    <subfield code="s">2026-01-22</subfield>
    <subfield code="v">475.00</subfield>
    <subfield code="y">BB</subfield>
  </datafield>
</record>
